[Event "SF Beelen 1 - SG Turm Raesfeld/Erle 1"]
[Site "Regionalliga 2017/2018"]
[Date "2017.09.30"]
[Round "2.1"]
[White "Wilger, Frank"]
[Black "Henke, Wolfgang"]
[Result "1-0"]
[WhiteElo "2086"]
[BlackElo "1792"]
[PlyCount "87"]
[EventDate "2017.??.??"]
[SourceTitle "Verband Muensterland"]
[SourceDate "2017.09.15"]
[SourceVersion "1"]
[SourceVersionDate "2017.09.15"]
[SourceQuality "1"]

1. d4 Nf6 2. Nf3 g6 3. c4 Bg7 4. Nc3 O-O 5. g3 c6 6. Bg2 d6 7. O-O Nbd7 8. b4
c5 9. bxc5 dxc5 10. e3 Qc7 11. Qb3 b6 12. Nb5 Qb8 13. Bb2 Bb7 14. a4 Ne4 15. d5
Ndf6 16. Be5 Qd8 17. a5 bxa5 18. Qa3 Qd7 19. Qxa5 Qf5 20. Qc7 Bc8 21. Nh4 Qh5
22. Bxf6 Nxf6 23. d6 Ne8 24. Qc6 Nxd6 25. Nxd6 Rb8 26. Nxc8 Rfxc8 27. Qd7 Bxa1
28. Rxa1 Qe5 29. Qxa7 Rd8 30. Qa5 Rd7 31. Nf3 Qb2 32. h4 Rbd8 33. Rf1 Rd1 34.
Qxc5 Qe2 35. Nd4 Rxf1+ 36. Bxf1 Qd1 37. Nc6 Rd2 38. Nxe7+ Kg7 39. Qe5+ f6 40.
Qf4 Qe1 41. Nd5 f5 42. h5 gxh5 43. Qg5+ Kh8 44. Qf6+ 1-0

[Event "SF Beelen 1 - SG Turm Raesfeld/Erle 1"]
[Site "Regionalliga 2017/2018"]
[Date "2017.09.30"]
[Round "2.2"]
[White "Hofene, Dieter"]
[Black "Pollok, Ralf"]
[Result "1-0"]
[WhiteElo "2007"]
[BlackElo "1990"]
[PlyCount "115"]
[EventDate "2017.??.??"]
[SourceTitle "Verband Muensterland"]
[SourceDate "2017.09.15"]
[SourceVersion "1"]
[SourceVersionDate "2017.09.15"]
[SourceQuality "1"]

1. e4 c5 2. b3 Nf6 3. e5 Nd5 4. Qf3 e6 5. Bb2 Be7 6. Na3 O-O 7. Qg3 Nc6 8. Nf3
f6 9. Bc4 Nb6 10. O-O fxe5 11. Nxe5 Nd4 12. Bd3 Nd5 13. Bxd4 cxd4 14. Qh3 h6
15. Nb5 d6 16. Ng6 e5 17. Qh5 Rf6 18. Nxd4 Nb4 19. Nf5 Bf8 20. Nfh4 Nxd3 21.
cxd3 Be6 22. Rac1 Bf7 23. Qg4 Kh7 24. Nxf8+ Qxf8 25. Qe4+ Kg8 26. Qxb7 Rb8 27.
Qc6 Rb4 28. Nf3 Be6 29. Ne1 h5 30. Nc2 Rbf4 31. f3 h4 32. Ne3 Qf7 33. h3 Qg6
34. Ng4 Bxg4 35. fxg4 Rxf1+ 36. Rxf1 Rxf1+ 37. Kxf1 Qxd3+ 38. Ke1 Qd4 39. Qe8+
Kh7 40. Qh5+ Kg8 41. Qe8+ Kh7 42. Qc6 d5 43. Qc2+ e4 44. Kf1 Qe5 45. Qc5 Qf6+
46. Qf2 Qxf2+ 47. Kxf2 d4 48. g3 hxg3+ 49. Kxg3 g5 50. b4 Kg7 51. a4 Kf7 52. b5
Ke7 53. a5 Kd7 54. Kf2 Kd6 55. b6 axb6 56. a6 Kc6 57. h4 gxh4 58. a7 1-0

[Event "SF Beelen 1 - SG Turm Raesfeld/Erle 1"]
[Site "Regionalliga 2017/2018"]
[Date "2017.09.30"]
[Round "2.3"]
[White "Gesing, Felix"]
[Black "Hanewinkel, Winfried"]
[Result "0-1"]
[WhiteElo "1988"]
[BlackElo "1910"]
[PlyCount "86"]
[EventDate "2017.??.??"]
[SourceTitle "Verband Muensterland"]
[SourceDate "2017.09.15"]
[SourceVersion "1"]
[SourceVersionDate "2017.09.15"]
[SourceQuality "1"]

1. d4 Nf6 2. Nf3 d5 3. e3 c5 4. b3 Bg4 5. Bb2 e6 6. Bd3 cxd4 7. exd4 Bb4+ 8. c3
Bd6 9. O-O O-O 10. Re1 Nc6 11. Nbd2 Rc8 12. Rc1 Re8 13. a3 Bf4 14. Rc2 e5 15.
dxe5 Nxe5 16. Be2 Bf5 17. Rc1 Nxf3+ 18. Bxf3 Ne4 19. Bxe4 dxe4 20. Nc4 Bxc1 21.
Qxc1 Re6 22. Ne3 Bg6 23. c4 f6 24. Nd5 Rd6 25. Qf4 b5 26. Qg4 Rb8 27. Ne3 bxc4
28. Nxc4 Rd3 29. b4 Qc8 30. Qf4 Qd8 31. Qg4 Rc8 32. Ne3 Qd7 33. Qf4 Qd6 34. Qg4
Rd8 35. h4 Qd7 36. Qf4 Qe6 37. Rc1 Qb3 38. Ba1 Qxa3 39. Rf1 Qxb4 40. h5 Bxh5
41. Nf5 Rd1 42. Qc7 Rxf1+ 43. Kh2 Qb8 0-1

[Event "SF Beelen 1 - SG Turm Raesfeld/Erle 1"]
[Site "Regionalliga 2017/2018"]
[Date "2017.09.30"]
[Round "2.4"]
[White "Hofene, Josef"]
[Black "Greifenberg, Daniel"]
[Result "0-1"]
[WhiteElo "1757"]
[BlackElo "2002"]
[PlyCount "106"]
[EventDate "2017.??.??"]
[SourceTitle "Verband Muensterland"]
[SourceDate "2017.09.15"]
[SourceVersion "1"]
[SourceVersionDate "2017.09.15"]
[SourceQuality "1"]

1. e4 c6 2. d4 d5 3. Nc3 dxe4 4. Nxe4 Nd7 5. Nf3 Ngf6 6. Ng3 e6 7. c3 Be7 8.
Bd3 c5 9. O-O b6 10. Re1 Bb7 11. Qe2 O-O 12. Bd2 Qc7 13. Rad1 Rfd8 14. Ng5 Nf8
15. Nf5 Rd7 16. Nxe7+ Rxe7 17. dxc5 bxc5 18. Ne4 Nxe4 19. Bxe4 Ng6 20. Qf3 Rb8
21. Bxb7 Rxb7 22. Bc1 h6 23. Qe4 Rd7 24. f4 Qd8 25. Rxd7 Rxd7 26. f5 Nf8 27.
Be3 exf5 28. Qxf5 Ne6 29. Rf1 g6 30. Qf3 Kg7 31. Qf2 Qe7 32. Qf3 a5 33. Rd1
Rxd1+ 34. Qxd1 Ng5 35. Qd2 Qe4 36. Bxg5 hxg5 37. h3 Qb1+ 38. Kh2 Qxa2 39. Qxg5
Qxb2 40. Qxc5 Qb8+ 41. Kg1 Qb1+ 42. Kh2 Qf5 43. Qa3 Qf4+ 44. Kg1 Qe3+ 45. Kh2
Qe5+ 46. Kh1 Qb5 47. c4 Qb1+ 48. Kh2 Qb4 49. Qd3 a4 50. Qd4+ Kg8 51. Qd8+ Qf8
52. Qa5 a3 53. c5 Qb8+ 0-1

[Event "SF Beelen 1 - SG Turm Raesfeld/Erle 1"]
[Site "Regionalliga 2017/2018"]
[Date "2017.09.30"]
[Round "2.5"]
[White "Brömmel, Rudolf"]
[Black "Hanewinkel, Martin"]
[Result "1/2-1/2"]
[WhiteElo "1913"]
[BlackElo "1833"]
[PlyCount "49"]
[EventDate "2017.??.??"]
[SourceTitle "Verband Muensterland"]
[SourceDate "2017.09.15"]
[SourceVersion "1"]
[SourceVersionDate "2017.09.15"]
[SourceQuality "1"]

1. d4 Nf6 2. Bg5 g6 3. Bxf6 exf6 4. e3 Bg7 5. g3 O-O 6. Bg2 c6 7. c4 d6 8. Nc3
f5 9. Nge2 Re8 10. O-O Nd7 11. Qc2 Qe7 12. b4 Nf6 13. Rab1 Ne4 14. Nxe4 fxe4
15. Nc3 f5 16. b5 Qf7 17. Na4 g5 18. Rfe1 Re6 19. bxc6 bxc6 20. d5 Rh6 21. dxc6
g4 22. Red1 Qc7 23. Nc3 Qxc6 24. Nd5 Kf7 25. Bf1 1/2-1/2

[Event "SF Beelen 1 - SG Turm Raesfeld/Erle 1"]
[Site "Regionalliga 2017/2018"]
[Date "2017.09.30"]
[Round "2.7"]
[White "Bergemann, Martin"]
[Black "Hofene, Markus"]
[Result "1-0"]
[WhiteElo "1935"]
[BlackElo "1730"]
[PlyCount "53"]
[EventDate "2017.??.??"]
[SourceTitle "Verband Muensterland"]
[SourceDate "2017.09.15"]
[SourceVersion "1"]
[SourceVersionDate "2017.09.15"]
[SourceQuality "1"]

1. d4 Nf6 2. Bg5 b6 3. Nd2 Bb7 4. Ngf3 c5 5. e3 e6 6. Bd3 Be7 7. O-O Nc6 8. c3
h6 9. Bh4 cxd4 10. exd4 Nd5 11. Bg3 h5 12. h4 g5 13. Nxg5 Bxg5 14. hxg5 Qxg5
15. Ne4 Qg7 16. Nd6+ Ke7 17. Nxb7 Rag8 18. Qf3 h4 19. Bd6+ Ke8 20. Rfe1 Rh5 21.
Be4 Nf6 22. Bxc6 Rf5 23. Qh3 dxc6 24. Re5 Ng4 25. Rxf5 exf5 26. Qxh4 Nf6 27.
Re1+ 1-0

[Event "SF Beelen 1 - SG Turm Raesfeld/Erle 1"]
[Site "Regionalliga 2017/2018"]
[Date "2017.09.30"]
[Round "2.8"]
[White "Ruhe, Johannes"]
[Black "Bölker, Franz"]
[Result "0-1"]
[WhiteElo "1854"]
[BlackElo "1799"]
[PlyCount "40"]
[EventDate "2017.??.??"]
[SourceTitle "Verband Muensterland"]
[SourceDate "2017.09.15"]
[SourceVersion "1"]
[SourceVersionDate "2017.09.15"]
[SourceQuality "1"]

1. e4 c5 2. Nf3 d6 3. d4 cxd4 4. Nxd4 Nf6 5. Nc3 a6 6. Be2 e6 7. Be3 Be7 8. O-O
Qc7 9. f4 b5 10. Kh1 Bb7 11. Bf3 b4 12. Na4 Bxe4 13. Bxe4 Nxe4 14. f5 e5 15.
Qf3 d5 16. Ne2 Nd7 17. Ng3 Nef6 18. Rac1 O-O 19. c3 Qa5 20. b3 bxc3 0-1

[Event "SC Gronau 1 - SF Neuenkirchen 1"]
[Site "Regionalliga 2017/2018"]
[Date "2017.09.30"]
[Round "2.1"]
[White "Wilde, Pierre"]
[Black "Bündgen, Achim"]
[Result "1/2-1/2"]
[WhiteElo "2240"]
[BlackElo "2119"]
[PlyCount "85"]
[EventDate "2017.??.??"]
[SourceTitle "Verband Muensterland"]
[SourceDate "2017.09.15"]
[SourceVersion "1"]
[SourceVersionDate "2017.09.15"]
[SourceQuality "1"]

1. c4 b6 2. Nc3 c5 3. e4 Bb7 4. g3 e6 5. Bg2 d6 6. Nge2 a6 7. O-O Nd7 8. d3
Ngf6 9. h3 Qc7 10. Be3 Be7 11. f4 O-O 12. g4 h6 13. Qd2 Nh7 14. b3 Rfe8 15. Bf2
Bf8 16. Bg3 Rad8 17. Bf3 g6 18. Rf2 Bg7 19. Raf1 Rf8 20. h4 Rde8 21. g5 f5 22.
exf5 Rxf5 23. Be4 Bxe4 24. dxe4 Rf7 25. h5 Nhf8 26. hxg6 Nxg6 27. f5 Nge5 28.
g6 Rff8 29. Nf4 exf5 30. Nfd5 Qd8 31. exf5 Ng4 32. Re2 Nde5 33. Ne4 h5 34. Ndc3
Bh6 35. Qd5+ Kh8 36. Qxd6 Qxd6 37. Nxd6 Rd8 38. Nce4 Rd7 39. Bh4 Kg8 40. Kh1
Nxg6 41. Bg3 Bg7 42. Kg2 h4 43. fxg6 1/2-1/2

[Event "SC Gronau 1 - SF Neuenkirchen 1"]
[Site "Regionalliga 2017/2018"]
[Date "2017.09.30"]
[Round "2.2"]
[White "Monsma, Menno"]
[Black "Vos, Thomas"]
[Result "1-0"]
[WhiteElo "2030"]
[BlackElo "2164"]
[PlyCount "79"]
[EventDate "2017.??.??"]
[SourceTitle "Verband Muensterland"]
[SourceDate "2017.09.15"]
[SourceVersion "1"]
[SourceVersionDate "2017.09.15"]
[SourceQuality "1"]

1. d4 d5 2. c4 Nc6 3. cxd5 Qxd5 4. e3 e5 5. Nc3 Bb4 6. Bd2 Bxc3 7. Bxc3 exd4 8.
Ne2 Nf6 9. Nxd4 O-O 10. f3 Re8 11. Qd2 Ne5 12. b3 c5 13. Nc2 Qc6 14. Be2 Bf5
15. O-O-O c4 16. Nd4 Qc8 17. Nxf5 Qxf5 18. e4 Qe6 19. Kb2 a5 20. Qd4 Qc6 21.
Bxc4 a4 22. Rhe1 axb3 23. Bxb3 Qb5 24. f4 Ned7 25. e5 Nc5 26. Qc4 Na4+ 27. Kc2
Qxc4 28. Bxc4 Rec8 29. Rd4 Nd5 30. Bxd5 Rxc3+ 31. Kd2 Ra3 32. Rc1 Kf8 33. Rc7
Rd8 34. Rxf7+ Ke8 35. Rxg7 Rxa2+ 36. Bxa2 Rxd4+ 37. Ke3 Rb4 38. f5 Nc3 39. Be6
b5 40. f6 1-0

[Event "SC Gronau 1 - SF Neuenkirchen 1"]
[Site "Regionalliga 2017/2018"]
[Date "2017.09.30"]
[Round "2.3"]
[White "Rieke, Theo"]
[Black "Ellenbroek, Ton"]
[Result "1/2-1/2"]
[WhiteElo "1947"]
[BlackElo "1977"]
[PlyCount "102"]
[EventDate "2017.??.??"]
[SourceTitle "Verband Muensterland"]
[SourceDate "2017.09.15"]
[SourceVersion "1"]
[SourceVersionDate "2017.09.15"]
[SourceQuality "1"]

1. Nf3 d6 2. e4 Nf6 3. Nc3 e5 4. d4 Nbd7 5. Bc4 Be7 6. O-O O-O 7. Re1 c6 8. a4
a5 9. h3 Nb6 10. Bf1 Qc7 11. Bg5 h6 12. Bh4 Nh5 13. Bxe7 Qxe7 14. g3 Nf6 15.
Qd2 Nh7 16. Rad1 Ng5 17. Nxg5 Qxg5 18. Qe3 Qxe3 19. Rxe3 Be6 20. b3 exd4 21.
Rxd4 Rfd8 22. Rd2 Rd7 23. Red3 Rad8 24. Bg2 Kf8 25. f4 f5 26. Kh2 fxe4 27. Nxe4
Bf5 28. Rxd6 Rxd6 29. Rxd6 Rxd6 30. Nxd6 Bxc2 31. Nxb7 Bxb3 32. Bxc6 Nxa4 33.
Nxa5 Bc2 34. Bxa4 Bxa4 35. g4 Ke7 36. Kg3 Kf6 37. Nc4 Bb5 38. Ne3 Bc6 39. h4 g6
40. g5+ hxg5 41. hxg5+ Ke6 42. Nc4 Be4 43. Kf2 Bd3 44. Ne5 Bb1 45. Ke3 Kd5 46.
Nf3 Ke6 47. Nh4 Bc2 48. Nf3 Bb1 49. Nd4+ Kd5 50. Ne2 Ke6 51. Ng3 Bc2 1/2-1/2

[Event "SC Gronau 1 - SF Neuenkirchen 1"]
[Site "Regionalliga 2017/2018"]
[Date "2017.09.30"]
[Round "2.4"]
[White "Lütkehermölle, Martin"]
[Black "Beckmann, Klaus2"]
[Result "1/2-1/2"]
[WhiteElo "1972"]
[BlackElo "2072"]
[PlyCount "53"]
[EventDate "2017.??.??"]
[SourceTitle "Verband Muensterland"]
[SourceDate "2017.09.15"]
[SourceVersion "1"]
[SourceVersionDate "2017.09.15"]
[SourceQuality "1"]

1. e4 c5 2. c3 Nf6 3. e5 Nd5 4. d4 cxd4 5. Nf3 Nc6 6. Bc4 Nb6 7. Bb3 d5 8. exd6
e6 9. cxd4 Bxd6 10. Nc3 O-O 11. O-O a6 12. Bg5 Be7 13. Bf4 Bf6 14. Be5 Nb4 15.
Ne4 N4d5 16. Qd2 Bd7 17. Rac1 Bc6 18. Nxf6+ Nxf6 19. Qf4 Nbd5 20. Qh4 Nd7 21.
Qg3 Nxe5 22. dxe5 Qe7 23. Nd4 Rfc8 24. Nxc6 Rxc6 25. Rxc6 bxc6 26. Rc1 Qb7 27.
Rc4 1/2-1/2

[Event "SC Gronau 1 - SF Neuenkirchen 1"]
[Site "Regionalliga 2017/2018"]
[Date "2017.09.30"]
[Round "2.5"]
[White "Stöckmann, Helmut"]
[Black "Langendijk, Andre"]
[Result "1-0"]
[WhiteElo "2011"]
[BlackElo "1926"]
[PlyCount "77"]
[EventDate "2017.??.??"]
[SourceTitle "Verband Muensterland"]
[SourceDate "2017.09.15"]
[SourceVersion "1"]
[SourceVersionDate "2017.09.15"]
[SourceQuality "1"]

1. c4 Nf6 2. Nc3 e6 3. e4 d5 4. e5 Ne4 5. d4 Bb4 6. Bd2 Nxd2 7. Qxd2 c5 8. a3
Bxc3 9. bxc3 cxd4 10. cxd4 Nc6 11. c5 O-O 12. Nf3 f6 13. Bb5 fxe5 14. Bxc6 bxc6
15. Nxe5 Ba6 16. Nxc6 Qh4 17. Qe3 Rae8 18. Ne5 Qd8 19. f3 Qh4+ 20. Qf2 Qd8 21.
g3 Qa5+ 22. Qd2 Qa4 23. Kf2 Rb8 24. Rhc1 Rb3 25. c6 Rxa3 26. Rxa3 Qxa3 27. Rc5
Qa1 28. Rc1 Qa3 29. Kg1 h6 30. Qc3 Qa4 31. Ra1 Qb5 32. c7 Rc8 33. Qa5 Qb2 34.
Qxa6 Qxd4+ 35. Kg2 Rxc7 36. Qxe6+ Kh8 37. Rb1 Qd2+ 38. Kh3 Qg5 39. Rb8+ 1-0

[Event "SC Gronau 1 - SF Neuenkirchen 1"]
[Site "Regionalliga 2017/2018"]
[Date "2017.09.30"]
[Round "2.7"]
[White "Rengers, Rainer"]
[Black "Hoge, Torsten"]
[Result "0-1"]
[WhiteElo "1772"]
[BlackElo "1890"]
[PlyCount "80"]
[EventDate "2017.??.??"]
[SourceTitle "Verband Muensterland"]
[SourceDate "2017.09.15"]
[SourceVersion "1"]
[SourceVersionDate "2017.09.15"]
[SourceQuality "1"]

1. d4 Nf6 2. Nf3 e6 3. c4 Bb4+ 4. Bd2 Qe7 5. Nc3 O-O 6. Qc2 Nc6 7. e3 d6 8. a3
Bxc3 9. Bxc3 a5 10. Be2 a4 11. O-O e5 12. d5 Nb8 13. Rfd1 Nbd7 14. Nd2 g6 15.
b4 axb3 16. Nxb3 Nb6 17. e4 Bd7 18. Rdb1 Ba4 19. f3 Nfd7 20. Qd2 Bxb3 21. Rxb3
Nc5 22. Rbb1 Nbd7 23. a4 f5 24. exf5 Rxf5 25. a5 Raf8 26. Re1 Nb3 27. Qc2 Nxa1
28. Rxa1 Nc5 29. Re1 Qg5 30. Bd2 Qh4 31. Bf1 Rh5 32. h3 Qg3 33. Qc3 Rxh3 34.
Qe3 Qh2+ 35. Kf2 Rg3 36. Ke2 Rxg2+ 37. Bxg2 Qxg2+ 38. Kd1 Qxf3+ 39. Kc2 Qxe3
40. Bxe3 b6 0-1

[Event "SC Gronau 1 - SF Neuenkirchen 1"]
[Site "Regionalliga 2017/2018"]
[Date "2017.09.30"]
[Round "2.8"]
[White "Reckzügel, Philipp"]
[Black "Winter, Reinhold"]
[Result "1-0"]
[WhiteElo "1904"]
[BlackElo "1551"]
[PlyCount "115"]
[EventDate "2017.??.??"]
[SourceTitle "Verband Muensterland"]
[SourceDate "2017.09.15"]
[SourceVersion "1"]
[SourceVersionDate "2017.09.15"]
[SourceQuality "1"]

1. d4 d5 2. c4 e6 3. Nc3 Bb4 4. e3 Nf6 5. Qc2 O-O 6. Nf3 Nbd7 7. Bd3 dxc4 8.
Bxc4 c6 9. O-O Nb6 10. Bd3 h6 11. a3 Bd6 12. Rd1 Nfd5 13. e4 Nxc3 14. bxc3 Re8
15. Bb2 Nd7 16. e5 Be7 17. Qe2 f5 18. exf6 Nxf6 19. Ne5 Bd6 20. c4 Qc7 21. Rac1
Bxe5 22. dxe5 Nh7 23. Qh5 Re7 24. c5 Nf8 25. Bc4 Bd7 26. Rd6 Be8 27. Qh3 Bf7
28. f4 Qa5 29. Qe3 Nd7 30. Bd4 Rae8 31. Rb1 Qc7 32. g4 Nf8 33. Qb3 Bg6 34. f5
Bh7 35. Rf1 Kh8 36. f6 gxf6 37. exf6 Rf7 38. Bxe6 Nxe6 39. Rxe6 Rxe6 40. Qxe6
Bg8 41. Qe3 Kh7 42. Qe4+ Kh8 43. Qg6 Bh7 44. Qg7+ Rxg7 45. fxg7+ Qxg7 46. Rf8+
Bg8 47. Bxg7+ Kxg7 48. Rb8 b6 49. Rxb6 Bd5 50. Rb7+ Kg6 51. Rxa7 Kg5 52. h3 h5
53. gxh5 Kxh5 54. Kf2 Bc4 55. a4 Kg5 56. Rc7 Be6 57. a5 Bxh3 58. a6 1-0

[Event "SK Münster 3 - SG Ahaus-Wessum 1"]
[Site "Regionalliga 2017/2018"]
[Date "2017.09.30"]
[Round "2.1"]
[White "Wensing, Maximilian"]
[Black "Baumann, Stephan"]
[Result "0-1"]
[WhiteElo "1945"]
[BlackElo "2014"]
[PlyCount "94"]
[EventDate "2017.??.??"]
[SourceTitle "Verband Muensterland"]
[SourceDate "2017.09.15"]
[SourceVersion "1"]
[SourceVersionDate "2017.09.15"]
[SourceQuality "1"]

1. e4 e5 2. Nf3 Nc6 3. Bc4 Nf6 4. d3 Be7 5. O-O O-O 6. Re1 d6 7. c3 Kh8 8. Bg5
Ng8 9. Bxe7 Qxe7 10. Nbd2 Nf6 11. Nf1 Nh5 12. Ne3 Nf4 13. g3 Nh3+ 14. Kg2 f5
15. exf5 Rxf5 16. Nxf5 Bxf5 17. Ng1 Qd7 18. Qh5 Rf8 19. Nxh3 Bxh3+ 20. Qxh3
Rxf2+ 21. Kxf2 Qxh3 22. Kg1 Qh6 23. Rf1 Qe3+ 24. Kg2 g6 25. Rf3 Qe2+ 26. Rf2
Qe3 27. Rf8+ Kg7 28. Rf7+ Kh6 29. Raf1 Na5 30. R7f3 Nxc4 31. dxc4 Qe2+ 32. R1f2
Qxc4 33. Rf7 Qd5+ 34. Kg1 e4 35. Re7 Qd3 36. Rf4 e3 37. Rfe4 Qd1+ 38. Kg2 Qe2+
39. Kh3 Kg5 40. Rf4 Qh5+ 41. Kg2 Qe2+ 42. Kg1 Qd1+ 43. Kg2 e2 44. Rxh7 e1=N+
45. Kg1 Nd3+ 46. Rf1 Qe2 47. h4+ Kg4 0-1

[Event "SK Münster 3 - SG Ahaus-Wessum 1"]
[Site "Regionalliga 2017/2018"]
[Date "2017.09.30"]
[Round "2.2"]
[White "Wingenfeld, Klaus"]
[Black "Schulze Ameling, Hendrik"]
[Result "1/2-1/2"]
[WhiteElo "1881"]
[BlackElo "2004"]
[PlyCount "41"]
[EventDate "2017.??.??"]
[SourceTitle "Verband Muensterland"]
[SourceDate "2017.09.15"]
[SourceVersion "1"]
[SourceVersionDate "2017.09.15"]
[SourceQuality "1"]

1. d4 f5 2. c4 Nf6 3. Nf3 g6 4. g3 Bg7 5. Bg2 O-O 6. O-O d6 7. Nc3 c6 8. Qc2
Na6 9. a3 Nc7 10. b4 Qe8 11. Bb2 h6 12. e3 g5 13. h4 Qh5 14. Qe2 Be6 15. Rfe1
Rae8 16. Rac1 Ng4 17. b5 f4 18. exf4 gxh4 19. Nxh4 Bxd4 20. Nd1 Bxb2 21. Nxb2
1/2-1/2

[Event "SK Münster 3 - SG Ahaus-Wessum 1"]
[Site "Regionalliga 2017/2018"]
[Date "2017.09.30"]
[Round "2.3"]
[White "Diehlmann, Christian"]
[Black "Jensen, Sören"]
[Result "1-0"]
[WhiteElo "1909"]
[BlackElo "1874"]
[PlyCount "73"]
[EventDate "2017.??.??"]
[SourceTitle "Verband Muensterland"]
[SourceDate "2017.09.15"]
[SourceVersion "1"]
[SourceVersionDate "2017.09.15"]
[SourceQuality "1"]

1. d4 Nf6 2. Nf3 c5 3. e3 e6 4. c4 Nc6 5. Nc3 b6 6. d5 Ne7 7. d6 Nf5 8. Nb5 Nd5
9. cxd5 Nxd6 10. dxe6 dxe6 11. Nxd6+ Bxd6 12. Bb5+ Ke7 13. O-O Bb7 14. Qe2 Qc7
15. e4 Bf4 16. b3 Bxc1 17. Raxc1 Qf4 18. Rfe1 Rhd8 19. g3 Qf6 20. Red1 a6 21.
Bd3 Rd7 22. Bc2 Rad8 23. Rxd7+ Rxd7 24. Rd1 Rxd1+ 25. Qxd1 Qb2 26. a4 f6 27.
Qd3 h5 28. h4 f5 29. Nd2 Qc1+ 30. Kg2 Qe1 31. Qe3 Qa1 32. Qg5+ Kd7 33. Qxh5 Qe5
34. Qf7+ Kc8 35. Qe8+ Kc7 36. Qe7+ Kc8 37. Nc4 1-0

[Event "SK Münster 3 - SG Ahaus-Wessum 1"]
[Site "Regionalliga 2017/2018"]
[Date "2017.09.30"]
[Round "2.4"]
[White "Leder, Nils"]
[Black "Winking, Hendirk"]
[Result "1/2-1/2"]
[WhiteElo "1885"]
[BlackElo "1945"]
[PlyCount "34"]
[EventDate "2017.??.??"]
[SourceTitle "Verband Muensterland"]
[SourceDate "2017.09.15"]
[SourceVersion "1"]
[SourceVersionDate "2017.09.15"]
[SourceQuality "1"]

1. e4 g6 2. d4 Bg7 3. f4 d6 4. Nf3 Nf6 5. Nc3 O-O 6. Be2 Nbd7 7. e5 Ne8 8. Ne4
b6 9. O-O e6 10. Be3 Bb7 11. Nf2 c5 12. c3 Nc7 13. exd6 Nd5 14. Bd2 cxd4 15.
cxd4 N7f6 16. Ne5 Qxd6 17. Bf3 Rac8 1/2-1/2

[Event "SK Münster 3 - SG Ahaus-Wessum 1"]
[Site "Regionalliga 2017/2018"]
[Date "2017.09.30"]
[Round "2.5"]
[White "Woltering, Martin"]
[Black "Peters, Helmut"]
[Result "0-1"]
[WhiteElo "1776"]
[BlackElo "2000"]
[PlyCount "70"]
[EventDate "2017.??.??"]
[SourceTitle "Verband Muensterland"]
[SourceDate "2017.09.15"]
[SourceVersion "1"]
[SourceVersionDate "2017.09.15"]
[SourceQuality "1"]

1. e4 c5 2. Nc3 e6 3. f4 Nc6 4. Nf3 d5 5. Bb5 d4 6. Ne2 Qb6 7. a4 a6 8. Bxc6+
Qxc6 9. d3 Nf6 10. O-O a5 11. Kh1 Be7 12. Ng3 h5 13. e5 Nd5 14. Qe2 h4 15. Ne4
h3 16. gxh3 f5 17. exf6 gxf6 18. Qg2 Bd7 19. Qg6+ Kd8 20. Bd2 Kc7 21. Qg2 Rag8
22. Ng3 e5 23. Ng1 Bxh3 24. Nxh3 Rxh3 25. Qxh3 Nxf4+ 26. Ne4 Nxh3 27. Rf3 f5
28. Rxf5 Qg6 29. Ng3 Qc6+ 30. Ne4 Qg6 31. Ng3 Bh4 32. Raf1 Bxg3 33. Bxa5+ b6
34. Bxb6+ Qxb6 35. Rf7+ Kd8 0-1

[Event "SK Münster 3 - SG Ahaus-Wessum 1"]
[Site "Regionalliga 2017/2018"]
[Date "2017.09.30"]
[Round "2.6"]
[White "Vogenauer, Nikolas"]
[Black "Terdues, Guido"]
[Result "1/2-1/2"]
[WhiteElo "1745"]
[BlackElo "1727"]
[PlyCount "25"]
[EventDate "2017.??.??"]
[SourceTitle "Verband Muensterland"]
[SourceDate "2017.09.15"]
[SourceVersion "1"]
[SourceVersionDate "2017.09.15"]
[SourceQuality "1"]

1. e4 d5 2. exd5 Qxd5 3. Nc3 Qa5 4. d4 c6 5. Bc4 Nf6 6. Bd2 Qd8 7. Nge2 Bf5 8.
O-O e6 9. Bf4 Be7 10. Re1 O-O 11. Qd2 Nbd7 12. a4 Nd5 13. Nxd5 1/2-1/2

[Event "SK Münster 3 - SG Ahaus-Wessum 1"]
[Site "Regionalliga 2017/2018"]
[Date "2017.09.30"]
[Round "2.7"]
[White "Messelink, Gerrit"]
[Black "Toval, David"]
[Result "0-1"]
[WhiteElo "1802"]
[BlackElo "1724"]
[PlyCount "64"]
[EventDate "2017.??.??"]
[SourceTitle "Verband Muensterland"]
[SourceDate "2017.09.15"]
[SourceVersion "1"]
[SourceVersionDate "2017.09.15"]
[SourceQuality "1"]

1. Nf3 Nf6 2. c4 e6 3. b3 b6 4. Bb2 Bb7 5. e3 Be7 6. Be2 O-O 7. d4 d5 8. Nc3
Nbd7 9. O-O c5 10. cxd5 exd5 11. Rc1 Rc8 12. Ne5 Nxe5 13. dxe5 Ne4 14. Nxe4
dxe4 15. Qc2 Qc7 16. Bg4 Rcd8 17. b4 Ba6 18. Rfd1 Bd3 19. Qc3 c4 20. a4 a5 21.
Ba3 axb4 22. Bxb4 Bxb4 23. Qxb4 Qxe5 24. Qxb6 c3 25. Qc6 c2 26. Rd2 f5 27. Be2
Rc8 28. Qb6 Qc3 29. Bxd3 Qxd2 30. Qb3+ Kh8 31. Rxc2 Qd1+ 32. Bf1 Rxc2 0-1

[Event "SK Münster 3 - SG Ahaus-Wessum 1"]
[Site "Regionalliga 2017/2018"]
[Date "2017.09.30"]
[Round "2.8"]
[White "Schlagheck, Thomas"]
[Black "Mast, Holger"]
[Result "1/2-1/2"]
[WhiteElo "1638"]
[BlackElo "1733"]
[PlyCount "38"]
[EventDate "2017.??.??"]
[SourceTitle "Verband Muensterland"]
[SourceDate "2017.09.15"]
[SourceVersion "1"]
[SourceVersionDate "2017.09.15"]
[SourceQuality "1"]

1. c4 c5 2. Nc3 Nc6 3. g3 g6 4. e3 Bg7 5. Nge2 d6 6. Bg2 Bd7 7. O-O Qc8 8. a3
Bh3 9. Nf4 Bxg2 10. Kxg2 Nf6 11. Rb1 O-O 12. b3 Qf5 13. Bb2 Rad8 14. Ncd5 Nxd5
15. Nxd5 Bxb2 16. Rxb2 e6 17. Nf4 Ne5 18. d4 Nd7 19. f3 Rfe8 1/2-1/2

[Event "SC Klein-Berlin Rheine 1 - SK Münster 2"]
[Site "Regionalliga 2017/2018"]
[Date "2017.09.30"]
[Round "2.1"]
[White "Wieder, Heiner"]
[Black "Brümmer, Frank"]
[Result "1-0"]
[WhiteElo "2089"]
[BlackElo "2160"]
[PlyCount "69"]
[EventDate "2017.??.??"]
[SourceTitle "Verband Muensterland"]
[SourceDate "2017.09.15"]
[SourceVersion "1"]
[SourceVersionDate "2017.09.15"]
[SourceQuality "1"]

1. e4 e6 2. d4 d5 3. Nd2 Nf6 4. e5 Nfd7 5. Bd3 c5 6. c3 Nc6 7. Ne2 cxd4 8. cxd4
f6 9. exf6 Qxf6 10. Nf3 Bd6 11. Bg5 Qf7 12. O-O O-O 13. Bh4 h6 14. Bb5 Nf6 15.
Bg3 Be7 16. Bxc6 bxc6 17. Rc1 Bb7 18. Ne5 Qe8 19. Nf4 Bd6 20. Nfg6 Bxe5 21.
Nxe5 Ne4 22. f3 Nxg3 23. hxg3 Rc8 24. Rc5 Qd8 25. Qd2 Rf5 26. Re1 h5 27. g4
hxg4 28. Nxg4 Qh4 29. Rxe6 Rcf8 30. Qe1 Qh7 31. Qg3 Rf4 32. Nh6+ Kh8 33. Qxf4
Qb1+ 34. Qc1 Qd3 35. Qc3 1-0